|
|
|
|
| LEADER |
00784nab#a2200277#ar4500 |
| 001 |
000101713 |
| 003 |
SVKKK |
| 005 |
20100820094947.0 |
| 008 |
090619c1993 xo |||||||||||||||b|slo |
| FMT |
|
|
|
| 038 |
|
|
|a SVKKK
|
| 040 |
|
|
|a SVKKK
|b slo
|e AACR2
|
| 041 |
0 |
|
|a slo
|
| 044 |
|
|
|a xo
|c SK
|
| 080 |
|
|
|a 502.4
|2 1997
|
| 245 |
1 |
0 |
|a Doláre na ekológiu
|b zahraničná injekcia Tanap-u
|c [autor] bý
|
| 650 |
0 |
4 |
|a životné prostredie
|x ozdravovacie projekty
|x zahraničné finančné investície
|
| 651 |
|
4 |
|a Tataranský národný park (prírodná rezervácia : Slovensko)
|
| 655 |
# |
4 |
|a retrokonverzia
|
| 773 |
0 |
|
|t Lúč. Východoslovenské noviny
|g Roč. 2, č. 280 (1.12.1993), s. 3
|
| 958 |
|
|
|a RK
|
| 974 |
|
|
|a MI
|
| 992 |
|
|
|a RBX
|
| BAS |
|
|
|
| 852 |
|
|
|a SVKKK
|b BIB
|
| 998 |
|
|
|a REG
|